UBT Library

The social work interview. (Record no. 39746)

000 -LEADER
fixed length control field 00543cam a2200229 4500
001 - CONTROL NUMBER
control field 4546620
005 - DATE AND TIME OF LATEST TRANSACTION
control field 20180104081314.0
008 - FIXED-LENGTH DATA ELEMENTS--GENERAL INFORMATION
fixed length control field 720526s1972 nyu b 000 0 eng
010 ## - LIBRARY OF CONGRESS CONTROL NUMBER
LC control number 70190192
020 ## - INTERNATIONAL STANDARD BOOK NUMBER
International Standard Book Number 0231032900
040 ## - CATALOGING SOURCE
Original cataloging agency DLC
Transcribing agency DLC
Modifying agency DLC
041 ## - LANGUAGE CODE
Language code of text/sound track or separate title eng
080 ## - UNIVERSAL DECIMAL CLASSIFICATION NUMBER
Universal Decimal Classification number 361.32
082 00 - DEWEY DECIMAL CLASSIFICATION NUMBER
Classification number 361.32 KAD
100 1# - Rafti
Rafti 21
101 ## - Shkurtesa
Shkurtesa GJL
245 14 - TITLE STATEMENT
Title The social work interview.
350 ## - PRICE (NR) (BK AM CF MU VM SE) [OBSOLETE]
Price $12.50
504 ## - BIBLIOGRAPHY, ETC. NOTE
Bibliography, etc Bibliography: p. [309]-332.
906 ## - LOCAL DATA ELEMENT F, LDF (RLIN)
a 7
b cbc
c orignew
d 1
e ncip
f 19
g y-gencatlg
942 ## - ADDED ENTRY ELEMENTS (KOHA)
Source of classification or shelving scheme
Item type Books
Holdings
Withdrawn status Lost status Source of classification or shelving scheme Damaged status Not for loan Collection code Permanent location Current location Shelving location Date acquired Total Checkouts Full call number Barcode Date last seen Price effective from Koha item type
          Koleksioni i përgjithshem UBT - Lipjan UBT - Lipjan Koleksioni i përgjithshem 01/04/2018   361.32 KAD 002-2994351 01/04/2018 01/04/2018 Books
UBT Library © 2015-2024. All rights reserved University Education for Business and Technology